| 000 | 00331nam a22001217a 4500 | ||
|---|---|---|---|
| 008 | 181123b xxu||||| |||| 00| 0 eng d | ||
| 041 | _aeng | ||
| 080 | _a043.3 | ||
| 100 | _a0 | ||
| 101 | _aBTH-MK | ||
| 245 |
_aPerdorimi i gjuhes se urrejtjes ne mediate nderkombtare dhe tek mediat e reja ne Kosove _cBilalli, L |
||
| 942 |
_2udc _cBK |
||
| 999 |
_c52456 _d52456 |
||